MDQL
is popping MORE tags! Check the
thread
!
Quizzes
Events
Quiz Creation
Community
Videos
Private Events
Remove Ads
Sign In
Join for FREE
Feedback
Dark Mode
Quiz Categories
Sports
Geography
Music
Movies
Television
Just For Fun
Miscellaneous
History
Literature
Language
Science
Gaming
Entertainment
Religion
Holiday
For Kids
Quiz Lab
Recent
Popular Today
Quiz Kudos Today
Editor Picks
Curator Picks
Quizzes by...
Day
Popularity
Type
Ratings
Length
Year
Community
Subscriptions
Recent Discussions
Orange Saloon
Badges
Playlists
Quests
Create
Leaderboards
Showdown
Live 5
Trivia Bingo
Activity
Puzzle Library
Sporcle Events
Private Events
Virtual Trivia
Globe League
Become a Host
Pub Owners
SporcleCon
Opinionation
Our Games
Videos
Blog
Mobile Apps
Partnerships
Remove Ads and Go Orange
Feedback
Gaming
Video Games
Board Games
Card Games
Pokémon
Mario
Nintendo
Minecraft
Console
Toys
Legend of Zelda
Gaming
Video Games
Board Games
Card Games
Pokémon
Mario
Nintendo
Minecraft
Console
Toys
Legend of Zelda
Random Quiz
Search Sporcle
×
Quiz Lab
Quiz Lab
Gaming
Moveset
Type in answers that appear in a list
Type in answers that appear in a list
Classic
Best Score? Go Orange.
Moveset Quiz: Virizion Stats
Can you name the moves that Virizion can learn?
By
GeneralSecura
15m
56 Questions
55 Plays
55 Plays
55 Plays
Comments
Comments
Give Quiz Kudos
Give Quiz Kudos
-
- Ratings
hide this ad
Replay
Link that replays current quiz
Next Quiz
Link to next quiz in quiz playlist
You Got
0%
They Got
Avg Score
91%
Avg Friend Score
Upgrade to see
Score Distribution
Jump to the score distribution portion of the page
Score
0/56
Timer
15:00
0
Plays Today
Move
% Correct
Giga Drain
98.2%
Sacred Sword
98.2%
Hyper Beam
98.2%
Giga Impact
98.2%
Grass Knot
98.2%
Leaf Blade
96.4%
Snore
96.4%
Sleep Talk
96.4%
Hidden Power
96.4%
Sunny Day
96.4%
Frustration
96.4%
Solarbeam
96.4%
Return
96.4%
Rest
96.4%
Retaliate
94.5%
Swords Dance
94.5%
Toxic
94.5%
Protect
94.5%
Double Team
94.5%
Rock Smash
94.5%
Leer
92.7%
Quick Attack
92.7%
Seed Bomb
92.7%
Synthesis
92.7%
Strength
92.7%
Aerial Ace
92.7%
Round
92.7%
Energy Ball
92.7%
Move
% Correct
Magical Leaf
90.9%
Take Down
90.9%
Close Combat
90.9%
Superpower
90.9%
Zen Headbutt
90.9%
Cut
90.9%
Calm Mind
90.9%
Taunt
90.9%
Light Screen
90.9%
Safeguard
90.9%
Reflect
90.9%
Facade
90.9%
Focus Blast
90.9%
Roar
89.1%
Flash
89.1%
X-Scissor
89.1%
Double Kick
87.3%
Helping Hand
87.3%
Worry Seed
87.3%
Swagger
87.3%
Substitute
87.3%
False Swipe
85.5%
Stone Edge
85.5%
Quick Guard
83.6%
Work Up
83.6%
Bounce
83.6%
Psych Up
83.6%
Block
81.8%
Quiz Playlist
Details
Report
Send in Message
Add To Playlist
Classic:
Type in answers that appear in a list
Last Updated: Feb 16, 2017
Quiz Scoreboard
CHALLENGE
Sign Up to Join the Scoreboard
Show All
Scores
Hide
Comments
May contain spoilers
Recently Published
5x2 Blitz: Bands
by SL_Kpop136
Music
30s
Colored Red Africa Blitz
by spor1
Geography
30s
Find the 'City' Movie
by crazypaving
Movies
60s
More to Explore
Quiz From the Vault
Featured Blog Post
14 Easter Pick-up Lines to Find Eggs With
hide this ad
You Might Also Like...
Tags
Learn
Manner
Moveset
Today's Top Quizzes in Gaming
Browse Gaming
hide this ad
Today's Top Quizzes in Moveset
Browse Moveset
Top Contributed Quizzes in Gaming
1
Dead By Daylight Logic Puzzle
2
League of Legends Pro Players by Career/Team History
3
Destiny 2 exotic weapons by perk icons
4
Genshin Impact Logic Puzzle
5
Overwatch 2: Ultimate Ability Icons
6
Genshin Impact Logic Puzzle Quiz II
7
Windmill: Elements
8
Overwatch Logic Puzzle
9
Genshin Impact Logic Puzzle Quiz
10
Genshin murder mystery
Explore More
Trending Topics
Anime
Kpop
Marvel
Crossword
Harry Potter
Disney
NBA
WWE
Puzzle
Song
Country
NFL
Pokémon
Soccer
The Office
hide this ad
More By:
GeneralSecura
Quiz
Plays
Rating
Category
Featured
Created
Ben 10 Alien Species Match
5,971
4.71
Television
Feb 4, 2013
Marvel VS Capcom Characters
4,345
4.73
Gaming
Aug 22, 2011
Pokémon Characters
2,641
4.25
Gaming
Sep 30, 2013
Pokémon of Gym Leaders (Stadium Edition)
2,077
4.71
Gaming
Nov 1, 2011
Name that Digimon
1,819
3.00
Gaming
Mar 19, 2019
Go to Creator's Profile
Score Distribution
Quiz Creator Spotlight
GeneralSecura
Follow
Send a Message
Quizzes Created
-
Created Quiz Play Count
-
More By This Creator
Popular Quizzes Today
1
Colored Red Africa Blitz
2
Find the 'City' Movie
3
Find the US States - No Outlines Minefield
4
5x2 Blitz: Bands
5
The Countries of the World
6
Find the US States
7
US States
8
9x9 Crossword: Cartoon Network
More Gaming Quizzes
Lobotomy Corporation Abnormality Quotes
Quiz Lab
Trending Quizzes
Colored Red Europe Blitz I
Colored Red Europe Blitz II
Colored Red Africa Blitz II
Colored Red Europe Blitz III
Colored Red Africa Blitz III
Recently Updated
How Do You Spell That?
pecheneg
Godzilla Movies
pecheneg
Grab Bag: 4-10 Letters
pecheneg
2024 March Madness Bracket
pecheneg
Famous TV Couples
Peacemaker
Champions League XIs: Real Madrid
pecheneg
Largest US Cities 1790-2010
pecheneg
Rides in Walt Disney World
pecheneg
Most Oscar Losses (Acting)
pecheneg
Beyoncé Albums
pecheneg
Trending Topics
Harry Potter
NBA
Marvel
Disney
Anime
Crossword
Kpop
Puzzle
Country
NFL
The Office
Soccer
WWE
Pokémon
Song
Your Account Isn't Verified!
In order to create a playlist on Sporcle, you need to verify the email address you used during registration. Go to your
Sporcle Settings
to finish the process.
Report this User
Report this user for behavior that violates our
Community Guidelines
.
Details:
Send Report
Go to the Sporcle.com Mobile Site →
Comments